000 00633cam a22002293a 4500
001 32291
003 PGUSA
005 20140828083711.0
008 100508s2010||||xxu|||||s|||||000 | eng d
040 _aPGUSA
_beng
042 _adc
050 4 _aPS
100 1 _aHowd, Otis T.
245 1 0 _aPaul Bunyan and His Loggers
_h[electronic resource] /
_cOtis T. Howd
260 _bProject Gutenberg,
_c2010
506 _aPublic domain in the USA.
516 _aElectronic text
653 _aBunyan, Paul (Legendary character)
830 0 _aProject Gutenberg
_v32291
856 4 0 _uhttp://www.gutenberg.org/ebooks/32291
942 _cEB
999 _c261546
_d261546